000 00803cam a22002777a 4500
003 CHAP
005 20220329140309.0
008 971013s r 00010 d
010 _a49956
011 _a50928
035 _a55078
040 _cCHAP
090 _aFolleto 1317
100 0 0 _aVillarreal GutiƩrrez, Alfonso.
_9119623
245 1 3 _aEl nopal como forraje para el ganado
260 _a(s.l. :
_bs.e.),
_c(s.a.)
300 _a13 h.
590 _aBATCH-UPD
_b10
_c20130110
_lUCH01
_h0724
590 _aBATCH-UPD
_b10
_c20130410
_lUCH01
_h0408
590 _aBATCH-UPD
_b10
_c20130914
_lUCH01
_h1841
590 _aCONVERSION
_b10
_c20130109
_lUCH01
_h1327
650 1 4 _aNopal como forraje.
_981712
901 _aBK
942 _cFOLL
949 _aFolleto 1317
_bBC
_cFOLL
_d-121094
_eTS1
_i55078
_mD
_si
999 _c49956
_d49956